Identidad asturiana y raíces prelatinas / (Record no. 182427)

MARC details
000 -LEADER
campo de control de longitud fija 00756nam a2200205 i 4500
001 - NÚMERO DE CONTROL
campo de control 182427
003 - IDENTIFICADOR DE NÚMERO DE CONTROL
campo de control ES-MaACL
005 - FECHA Y HORA DE LA ÚLTIMA TRANSACCIÓN
campo de control 20230906221615.0
007 - CAMPO FIJO DE DESCRIPCIÓN FÍSICA--INFORMACIÓN GENERAL
campo de control de longitud fija t|
008 - DATOS DE LONGITUD FIJA--INFORMACIÓN GENERAL
campo de control de longitud fija 130813s1990 sp ||||1| spa d
080 ## - NÚMERO DE LA CLASIFICACIÓN DECIMAL UNIVERSAL
Número de la Clasificación Decimal Universal 316.72(460.12)
100 0# - ENTRADA PRINCIPAL--NOMBRE DE PERSONA
Nombre de persona Gómez-Tabanera, José Manuel,
Fechas asociadas al nombre 1926-2011
9 (RLIN) 58165
245 10 - MENCIÓN DEL TÍTULO
Título Identidad asturiana y raíces prelatinas /
Mención de responsabilidad, etc. José M. Gómez-Tabanera.
260 ## - PUBLICACIÓN, DISTRIBUCIÓN, ETC.
Lugar de publicación, distribución, etc. [Navarra] :
Nombre del editor, distribuidor, etc. Cuadernos de Etnología y Etnografía de Navarra,
Fecha de publicación, distribución, etc. 1990.
300 ## - DESCRIPCIÓN FÍSICA
Extensión p. 35-42 ;
Dimensiones 28 cm.
500 ## - NOTA GENERAL
Nota general Separata de: Cuadernos de Etnología y Etnografía de Navarra, enero-junio 1990, año XXII, nº 55.
650 #4 - PUNTO DE ACCESO ADICIONAL DE MATERIA--TÉRMINO DE MATERIA
Término de materia o nombre geográfico como elemento de entrada Identidad cultural-
Subdivisión geográfica Asturias (Comunidad Autónoma)
9 (RLIN) 13532
852 ## - LOCALIZACIÓN
Ubicación ES-MaACL
Número de control de estantería 2324-F-10
Holdings
Estatus retirado Estado de pérdida Estado de daño No para préstamo Colección Biblioteca de origen Biblioteca actual Ubicación en estantería Fecha de adquisición Fuente de adquisición Total de préstamos Signatura topográfica completa Código de barras Visto por última vez Precio de reemplazo Tipo de ítem Koha
        Colección de folletos Biblioteca del Ateneo de Madrid Biblioteca del Ateneo de Madrid Depósito folletos 13/08/2013     2324-F-10 1191706 23/02/2023 23/02/2023 Folleto